000 00472nam a2200181Ia 4500
003 OSt
005 20250221171231.0
008 210210b1939 xxu||||| |||| 00| 0 eng d
040 _cAL
041 _aKannada
082 _a852/633
100 _aSUBBA JOSHI (H)
_9139688
_dಸುಬ್ಬ ಜೋಶಿ
245 _aNavaratnagalu
_bನವರತ್ನಗಳು
260 _aBengaluru
_b-
_c1939
690 _aKannada Prose
_9139690
906 _a019199
942 _2ddc
_cBK
999 _c143321
_d143321